| 000 | 00519nam a2200181Ia 4500 | ||
|---|---|---|---|
| 003 | IN-BaIIA | ||
| 008 | 211028s9999 xx 000 0 eng d | ||
| 040 | _cIIA Library | ||
| 080 |
_a521.03 _bALL |
||
| 100 |
_aAllen, C. W. _92974 |
||
| 245 | 0 |
_aAstrophysical quantities _cC.W. Allen |
|
| 250 | _a2nd ed. | ||
| 260 |
_aLondon _bAthlone Press _c1963 |
||
| 300 | _axi,290p | ||
| 650 | _aAstronomy and Astrophysics Thesaurus | ||
| 650 |
_aAstrophysics _9794 |
||
| 942 | _cBK | ||
| 999 |
_c2261 _d2261 |
||